Đánh giá tính tổn thương đến hiện trạng sử dụng đất trong điều kiện biến đổi khí hậu tại tỉnh An Giang : Luận văn tốt nghiệp Cao học. Chuyên ngành Quản lý đất đai
Đề tài đánh giá thực trạng sử dụng đất năm 2013 và biến động sử dụng đất đai giai đoạn 2000 - 2013, xác định các yếu tố gây tổn thương đến hiện trạng sử dụng đất ở năm 2015 và các năm kịch bản biến đổi khí hậu, xác định vùng sản xuấ...
Salvato in:
| Autore principale: | |
|---|---|
| Natura: | Libro |
| Lingua: | Undetermined |
| Pubblicazione: |
Cần Thơ
Trường Đại học Cần Thơ
2015
|
| Soggetti: | |
| Tags: |
Aggiungi Tag
Nessun Tag, puoi essere il primo ad aggiungerne! !
|
| Thư viện lưu trữ: | Trung tâm Học liệu Trường Đại học Cần Thơ |
|---|
| LEADER | 01416nam a2200217Ia 4500 | ||
|---|---|---|---|
| 001 | CTU_206086 | ||
| 008 | 210402s9999 xx 000 0 und d | ||
| 082 | |a 333.73 | ||
| 082 | |b H116 | ||
| 088 | |a 60850103 | ||
| 100 | |a Trương, Thị Cẩm Hằng | ||
| 245 | 0 | |a Đánh giá tính tổn thương đến hiện trạng sử dụng đất trong điều kiện biến đổi khí hậu tại tỉnh An Giang : | |
| 245 | 0 | |b Luận văn tốt nghiệp Cao học. Chuyên ngành Quản lý đất đai | |
| 245 | 0 | |c Trương Thị Cẩm Hằng ; Võ Quang Minh (Cán bộ hướng dẫn) | |
| 260 | |a Cần Thơ | ||
| 260 | |b Trường Đại học Cần Thơ | ||
| 260 | |c 2015 | ||
| 520 | |a Đề tài đánh giá thực trạng sử dụng đất năm 2013 và biến động sử dụng đất đai giai đoạn 2000 - 2013, xác định các yếu tố gây tổn thương đến hiện trạng sử dụng đất ở năm 2015 và các năm kịch bản biến đổi khí hậu, xác định vùng sản xuất nông nghiệp của tỉnh An Giang bị tổn thương do tác động của các yếu tố biến đổi khí hậu. | ||
| 650 | |a Sử dụng đất,Land use | ||
| 904 | |i Hải | ||
| 980 | |a Trung tâm Học liệu Trường Đại học Cần Thơ | ||